000 00911nam a2200253 a 4500
005 20200104041544.0
008 140312b2003 ec ||||| |||| 00| 0 spa d
041 _aspa
044 _aec
090 _aLB
_b03578
111 _aEvento paralelo conservación y uso de la biodiversidad en la cuenca Amazónica
_cLoja, Ecuador
_d2003
_920832
245 _aMemoria técnica evento paralelo, conservación y uso de la biodiversidad en la cuenca Amazónica
260 _aQuito
_bGTZ Cooperación Alemana
_bInstituto para el Ecodesarrollo Regional Amazónico
_c2003
300 _a53 p.
650 _aPolítica ambiental
_992286
650 _aUsos sostenible
_917536
650 _aDesarrollo sostenible
_9278
650 _aConservación
_920835
650 _aBiodiversidad
_992204
662 _aEcuador
_cCuenca del Amazonas
700 _aTorres Galarza, Ramón
_920837
942 _cImpreso
_2z
945 _d2004-05-19
999 _c3851
_d3851